000 00420nam a2200157 i 4500
001 69721
003 ES-MaACL
005 20230906170607.0
007 t|
008 040709s1960 sp ||||1| spa d
100 1 _aGarcía-Gil, Gabriel.
_954682
245 1 0 _aEn la plaza del hombre /
_cGabriel García-Gil.
260 _aMadrid :
_bAgora,
_c[1960]
300 _a87 p. ;
_c21 cm.
852 _aES-MaACL
_jC-19078
_bR.46802
999 _c69721
_d69721